000 00703nam a2200241Ia 4500
003 OSt
005 20220925215155.0
006 a|||||r|||| 00| 0
007 ta
008 220923b |||||||| |||| 00| 0 eng d
037 _cGeneral Book
040 _aRTL
_cRTL
_beng
041 _2eng
_aeng
082 _aY:3(Q), L3/TD
100 _aHILL Michael
_972873
245 0 _aSociology of religion
260 _aLondon
_bHeinemann
_c1973
300 _ax, 285p
_ccm.
490 _aHeinemann Studies in Sociology. Ed by Donald Gunn MacRae
500 _aBibliography at the end of each chapter
942 _hY:3(Q), L3/TD
_cGB
_2CC
999 _c568100
_d568100